000 00572nam a2200193Ia 4500
005 20250326144904.0
008 250326s9999 xx 000 0 und d
020 _a0-87389-532-0
037 _aTextbook
040 _aFMSL
_beng
_cFMSL
041 _aeng
_2eng
084 _aX:89Q P2
_qFMSL
100 _aLevinson W A
_9743731
245 0 _aLean enterprise: synergistic approach to minimizing waste
_cLevinson W A; Rerick R A
260 _aWisconsin
_bWisconsin, ASQ Quality
_c2002
300 _a235p
942 _cTB
_hX:89Q P2
999 _c1305482
_d1305482